Normal view
MARC view
- Zahra, Fatima
Entry Personal Name
001 - CONTROL NUMBER
- control field: 119630
003 - CONTROL NUMBER IDENTIFIER
- control field: NUST
005 - DATE AND TIME OF LATEST TRANSACTION
- control field: 20231211125512.0
008 - FIXED-LENGTH DATA ELEMENTS
- fixed length control field: 231211|| aca||aabn | a|a d
040 ## - CATALOGING SOURCE
- Original cataloging agency: NUST
- Transcribing agency: NUST
100 ## - HEADING--PERSONAL NAME
- Personal name: Zahra, Fatima
670 ## - SOURCE DATA FOUND
- Source citation: Work cat.: (NUST): Zahra, Fatima , Development and Characterization of Biomaterials for Biomedical Applications /
